Statistics for Biggest Cities in History

Click here to take the quiz!

General Stats

  • This quiz has been taken 71,612 times
    (21,582 since last reset)
  • The average score is 10 of 17

Answer Stats

YearsCity% Correct
1965–2000Tokyo
99%
1825–1914London
98%
1925–1950New York
98%
1–400Rome
95%
1425–1825Beijing
94%
340–600Constantinople
92%
775–1200Baghdad
82%
320 BC–100 BCAlexandria
80%
1980 BC–700 BCLuxor
48%
1000 BC–400 BCBabylon
47%
1000 BC, 600–900Xi'an
46%
1358–1420Nanjing
42%
3100 BC–700 BCMemphis
30%
700 BC–650 BCNineveh
20%
1180–1350Hangzhou
16%
1000 BC–700 BCLuoyang
8%
1013–1200Kaifeng
6%

Score Distribution

Percentile by Number Answered

Percent of People with Each Score

Your Score History

You have not taken this quiz since the last reset